| 000 | 00710cab a2200241 4500 | ||
|---|---|---|---|
| 001 | WB3329-39 | ||
| 008 | 090401t1997 xxu||||| |||| 00| 0 eng d | ||
| 035 | _a(Sirsi) u79902 | ||
| 041 | _aeng | ||
| 245 | _aArchitects to insure | ||
| 260 | _c1997 | ||
| 350 | _a0 | ||
| 490 |
_aBuilding _v262(8000) 25 July 1997, 7(1) |
||
| 520 | _aThe new Architects Registration Board`s code of conduct requires architects to buy professional indemnity insurance from 1998. | ||
| 650 | _aARCHITECTS REGISTRATION BOARD | ||
| 650 | _aARCHITECTS | ||
| 650 | _aINSURANCE POLICIES | ||
| 650 | _aPROFESSIONAL INDEMNITY INSURANCE | ||
| 650 | _aRIBA | ||
| 690 |
_aInsurance _96249 |
||
| 942 | _n0 | ||
| 948 | _c25/07/1997 | ||
| 999 |
_c50283 _d50283 |
||